L'Europe centrale et orientale : De 1918 à la chute du mur de Berlin (notice n° 1972697)

détails MARC
000 -LEADER
fixed length control field 01278cam a2200133 4500500
005 - DATE AND TIME OF LATEST TRANSACTION
control field 20260329040514.0
041 ## - LANGUAGE CODE
Language code of text/sound track or separate title fre
042 ## - AUTHENTICATION CODE
Authentication code dc
100 10 - MAIN ENTRY--PERSONAL NAME
Personal name Krakovsky, Roman
Relator term author
245 00 - TITLE STATEMENT
Title L'Europe centrale et orientale : De 1918 à la chute du mur de Berlin
260 ## - PUBLICATION, DISTRIBUTION, ETC.
Name of publisher, distributor, etc. Armand Colin,<br/>
Date of publication, distribution, etc. 2017.<br/>
520 ## - SUMMARY, ETC.
Summary, etc. Des indépendances après la Première Guerre mondiale à la chute du communisme, l’Europe centrale et orientale est le théâtre de plusieurs crises majeures : crise de modernisation, à laquelle cette région tente de répondre en se tournant vers le fascisme et le communisme ; crise d’identité qui alimente les nationalismes et le repli sur soi ; crise humanitaire enfin qui aboutit, en 1946-1949, à la division de l’Europe et du monde en deux blocs antagonistes. C’est dans ces moments que se révèle le destin commun des pays de la région, symptôme des crises européennes plus larges et comme un avertissement pour le reste du continent. Grâce à sa perspective de longue durée et son esprit de synthèse, cet ouvrage permet de mieux comprendre l’histoire récente de la région et ses dernières évolutions
856 41 - ELECTRONIC LOCATION AND ACCESS
Uniform Resource Identifier <a href="https://shs.cairn.info/l-europe-centrale-et-orientale--9782200602635?lang=fr&redirect-ssocas=7080">https://shs.cairn.info/l-europe-centrale-et-orientale--9782200602635?lang=fr&redirect-ssocas=7080</a>

Pas d'exemplaire disponible.

PLUDOC

PLUDOC est la plateforme unique et centralisée de gestion des bibliothèques physiques et numériques de Guinée administré par le CEDUST. Elle est la plus grande base de données de ressources documentaires pour les Étudiants, Enseignants chercheurs et Chercheurs de Guinée.

Adresse

627 919 101/664 919 101

25 boulevard du commerce
Kaloum, Conakry, Guinée

Réseaux sociaux

Powered by Netsen Group @ 2025